00394nam a2200133 a 450000500170000000800410001705000170005810000060007524500200008126000190010144000250012099900190014595200960016420140414131918.0101020s19uu xx 00 eng d aERbIn8 1997 a  aIn the kitchen. bRhythm,c1997. aTwinkle Star Readers c111572d111572 001040aMUbMUcERd2010-10-20l0oER In8 1997pM2369r2014-04-14 00:00:00w2014-04-14yBK